| 000 | 00519nam a2200193Ia 4500 | ||
|---|---|---|---|
| 003 | GCL | ||
| 008 | 140319s9999 xx 000 0 eng d | ||
| 040 |
_aGCL / _cGCL |
||
| 082 | 0 | 4 |
_a709 _bB C |
| 100 | 1 | _aBAZIN, GERMAIN | |
| 245 | 1 | 0 |
_aA CONCISE HISTORY OF ART, PART II FROM THE RENAISSANCE TO THE PRESENT DAY / _cBAZIN, GERMAIN |
| 260 |
_a[S.N] : _bTHAMES AND HUDSON |
||
| 300 | _a543 P | ||
| 650 | 0 | 4 | _aARTS |
| 650 | 0 | 4 | _aART, HISTORY |
| 650 | 0 | 4 | _aMODERN ART |
| 650 | 0 | 4 | _aRENAISSANCE PERIOD |
| 942 |
_2ddc _cBK |
||
| 999 |
_c19385 _d19385 |
||